Chemins de fer fédéraux de Suisse (Record no. 52539)

MARC details
000 -LEADER
campo de control de longitud fija 00559nem a2200181 i 4500
001 - NÚMERO DE CONTROL
campo de control 52539
003 - IDENTIFICADOR DE NÚMERO DE CONTROL
campo de control ES-MaACL
005 - FECHA Y HORA DE LA ÚLTIMA TRANSACCIÓN
campo de control 20230906162612.0
007 - CAMPO FIJO DE DESCRIPCIÓN FÍSICA--INFORMACIÓN GENERAL
campo de control de longitud fija t|
008 - DATOS DE LONGITUD FIJA--INFORMACIÓN GENERAL
campo de control de longitud fija 030901s1910 sz | |0|1||fre d
245 00 - MENCIÓN DEL TÍTULO
Título Chemins de fer fédéraux de Suisse
Resto del título : carte touriste [
Medio Material cartográfico].
250 ## - MENCION DE EDICION
Mención de edición 3e ed.
255 ## - DATOS MATEMÁTICOS CARTOGRÁFICOS
Mención de escala 1:450000.
260 ## - PUBLICACIÓN, DISTRIBUCIÓN, ETC.
Lugar de publicación, distribución, etc. Berne :
Nombre del editor, distribuidor, etc. Service de Publicité des Chemins de fer fédéraux,
Fecha de publicación, distribución, etc. 1910.
300 ## - DESCRIPCIÓN FÍSICA
Extensión 1 plano :
Otras características físicas col. ;
Dimensiones 79 x 57 cm.
650 ## - PUNTO DE ACCESO ADICIONAL DE MATERIA--TÉRMINO DE MATERIA
Término de materia o nombre geográfico como elemento de entrada Ferrocarriles-
Subdivisión geográfica Suiza.
9 (RLIN) 158097
852 ## - LOCALIZACIÓN
Ubicación ES-MaACL
Número de control de estantería T-1392-F-4
Holdings
Estatus retirado Estado de pérdida Estado de daño No para préstamo Colección Biblioteca de origen Biblioteca actual Ubicación en estantería Fecha de adquisición Fuente de adquisición Total de préstamos Signatura topográfica completa Código de barras Visto por última vez Precio de reemplazo Tipo de ítem Koha
        Colección de folletos Biblioteca del Ateneo de Madrid Biblioteca del Ateneo de Madrid Depósito folletos 17/01/2008     T-1392-F-4 1055221 23/02/2023 23/02/2023 Folleto